000 00244nam a22000977a 4500
082 _a428.24HUT
100 _aHutchinson, Tom
245 _aInterface : english for technical communication : Casette
260 _aLondon
_bLongman
_c1984
942 _cBK
999 _c14950
_d14950